Real estate financial modelling in Excel / (Record no. 43772)

MARC details
001 - CONTROL NUMBER
control field 24027833
003 - CONTROL NUMBER IDENTIFIER
control field 0000
005 - DATE AND TIME OF LATEST TRANSACTION
control field 20251015091208.0
008 - FIXED-LENGTH DATA ELEMENTS--GENERAL INFORMATION
fixed length control field 250212s2025 enk b 001 0 eng
010 ## - LIBRARY OF CONGRESS CONTROL NUMBER
LC control number 2024040580
020 ## - INTERNATIONAL STANDARD BOOK NUMBER
International Standard Book Number 9781032544007
035 ## - SYSTEM CONTROL NUMBER
System control number 24027833
040 ## - CATALOGING SOURCE
Original cataloging agency DLC
Language of cataloging eng
Description conventions rda
Transcribing agency DLC
042 ## - AUTHENTICATION CODE
Authentication code pcc
050 00 - LIBRARY OF CONGRESS CALL NUMBER
Classification number HD 1382.5 .W42
082 00 - DEWEY DECIMAL CLASSIFICATION NUMBER
Classification number 332.7/2
Edition number 23/eng/20250212
100 1# - MAIN ENTRY--PERSONAL NAME
Personal name Weidner, Maria,
Relator term author.
245 10 - TITLE STATEMENT
Title Real estate financial modelling in Excel /
Statement of responsibility, etc Maria Weidner.
263 ## - PROJECTED PUBLICATION DATE
Projected publication date 2504
264 #1 - PUBLICATION, DISTRIBUTION, ETC. (IMPRINT)
Place of publication, distribution, etc Abingdon, Oxon ;
-- New York, NY :
Name of publisher, distributor, etc Routledge,
Date of publication, distribution, etc 2025.
300 ## - PHYSICAL DESCRIPTION
Extent vii, 233p. ill.
336 ## - CONTENT TYPE
Content type term text
Content type code txt
Source rdacontent
337 ## - MEDIA TYPE
Media type term unmediated
Media type code n
Source rdamedia
338 ## - CARRIER TYPE
Carrier type term volume
Carrier type code nc
Source rdacarrier
504 ## - BIBLIOGRAPHY, ETC. NOTE
Bibliography, etc Includes bibliographical references and index.
520 ## - SUMMARY, ETC.
Summary, etc "Get ahead of your peers with Real Estate Financial Modelling in Excel, a book specifically designed to ensure that the next generation of property professionals become experts in the quantitative analysis of real estate investments"--
Assigning source Provided by publisher.
630 00 - SUBJECT ADDED ENTRY--UNIFORM TITLE
Uniform title Microsoft Excel (Computer file)
650 #0 - SUBJECT ADDED ENTRY--TOPICAL TERM
Topical term or geographic name as entry element Real estate investment
General subdivision Finance
-- Data processing.
650 #0 - SUBJECT ADDED ENTRY--TOPICAL TERM
Topical term or geographic name as entry element Real estate investment
General subdivision Mathematical models.
776 08 - ADDITIONAL PHYSICAL FORM ENTRY
Relationship information Online version:
Main entry heading Weidner, Maria.
Title Real estate financial modelling in Excel
Place, publisher, and date of publication Abingdon, Oxon ; New York, NY : Routledge, 2025
International Standard Book Number 9781003424895
Record control number (DLC) 2024040581
906 ## - LOCAL DATA ELEMENT F, LDF (RLIN)
a 7
b cbc
c orignew
d 1
e ecip
f 20
g y-gencatlg
942 ## - ADDED ENTRY ELEMENTS (KOHA)
Source of classification or shelving scheme Library of Congress Classification
Koha item type Books
Holdings
Withdrawn status Lost status Source of classification or shelving scheme Damaged status Not for loan Permanent Location Current Location Date acquired Total Checkouts Full call number Barcode Date last seen Price effective from Koha item type
    Library of Congress Classification     NILE UNIVERSITY OF NIGERIA - MAIN LIBRARY NILE UNIVERSITY OF NIGERIA - MAIN LIBRARY 10/15/2025   HD 1382.5 .W42 2025 0199286 10/15/2025 10/15/2025 Books
    Library of Congress Classification     NILE UNIVERSITY OF NIGERIA - MAIN LIBRARY NILE UNIVERSITY OF NIGERIA - MAIN LIBRARY 10/15/2025   HD 1382.5 .W42 2025 0199285 10/15/2025 10/15/2025 Books